00536 a2200121 4500082001200000100001800012245011100030260008100141300004500222500005700267700003300324856005700357 aBICSE-2 aBushra Shahid aFerret Active Forensic Analysis Toolkit for Windows Based Computer Systems [Project BICSE2]cBushra Shahid aIslamabad,b NUST School of Electrical Engineering & Computer Science,c2008 axii, 90 p.b : ill.c; 27 cm. +e CD-ROM aSupervisors : Dr. Fauzan Mirza, Dr. Syed Ali Khayam. aFaiza Malik & Kiran Iftikhar uhttp://10.250.8.41:8080/xmlui/handle/123456789/10334